Mangrove threatening and management in kampot province, ការគំរាមគំហែងនិងការគ្រប់គ្រងព្រៃកោងកាងបច្ចុប្បន្ននៅខេត្តកំពត (Record no. 4013)

000 -LEADER
fixed length control field 00594nam a22001577a 4500
003 - CONTROL NUMBER IDENTIFIER
control field OSt
005 - DATE AND TIME OF LATEST TRANSACTION
control field 20151204151608.0
008 - FIXED-LENGTH DATA ELEMENTS--GENERAL INFORMATION
fixed length control field 151204b xxu||||| |||| 00| 0 eng d
040 ## - CATALOGING SOURCE
Transcribing agency RUA
082 ## - DEWEY DECIMAL CLASSIFICATION NUMBER
Classification number FIS SAR 2003 B186 Or.1
100 ## - MAIN ENTRY--PERSONAL NAME
9 (RLIN) 4299
Personal name SAR, SORIN.
245 ## - TITLE STATEMENT
Title Mangrove threatening and management in kampot province, ការគំរាមគំហែងនិងការគ្រប់គ្រងព្រៃកោងកាងបច្ចុប្បន្ននៅខេត្តកំពត
260 ## - PUBLICATION, DISTRIBUTION, ETC. (IMPRINT)
Place of publication, distribution, etc. Phnom Penh
Name of publisher, distributor, etc. RUA
Date of publication, distribution, etc. 2003
300 ## - PHYSICAL DESCRIPTION
Extent 55p.
Other physical details ill.
Dimensions 29cm.
942 ## - ADDED ENTRY ELEMENTS (KOHA)
Source of classification or shelving scheme
Koha item type FIS
Holdings
Price effective from Date last seen Permanent Location Not for loan Date acquired Source of classification or shelving scheme Koha item type Lost status Withdrawn status Date last checked out Total Checkouts Shelving location Damaged status Barcode Current Location Full call number
2015-12-042015-12-04Library Block B 2015-12-04 FIS    B186 RUA027786Library Block BFIS SAR 2003 B186 Or.1
2015-12-042023-01-25Library Block B 2015-12-04 FIS  2023-01-241B186 RUA027403Library Block BFIS SAR 2003 B186 Or.2
2015-12-042017-02-21Library Block B 2015-12-04 FIS  2017-02-203B186 RUA036975Library Block BFIS SAR 2003 B186 Or.3
2015-12-042015-12-04Library Block B 2015-12-04 FIS    B186 RUA037016Library Block BFIS SAR 2003 B186 Or.4
2015-12-042015-12-04Library Block B 2015-12-04 FIS    B186 RUA036909Library Block BFIS SAR 2003 B186 Or.5
2015-12-042015-12-04Library Block B 2015-12-04 FIS    B186 RUA036968Library Block BFIS SAR 2003 B186 Or.6
មជ្ឈមណ្ឌលឯការនៃសាកលវិទ្យាល័យភូមិន្ទកសិកម្មចំការដូង

Powered by Koha